| 000 | 01634cam a22004694i 4500 | ||
|---|---|---|---|
| 003 | PE-LiUPU | ||
| 005 | 20250731173003.0 | ||
| 008 | 150623s1998 miu rb 000 0 eng d | ||
| 020 | _a0801062497 | ||
| 035 | _a(Sirsi) i9780801062490 | ||
| 040 |
_aPE-LiUPU _bspa _cPE-LiUPU _erda |
||
| 049 | _aPRUA | ||
| 082 | 0 | 4 |
_a215 _bM79 _221 |
| 100 | 1 |
_aMoreland, James Porter, _eautor. |
|
| 245 | 1 | 0 |
_aChristianity and the nature of science / _cJ.P. Moreland. |
| 264 | 1 |
_aGrand Rapids, Michigan : _bBaker Book House, _c1998. |
|
| 300 |
_a270 páginas ; _c21 centímetros |
||
| 336 |
_atext _2rdacontent |
||
| 337 |
_aunmediated _2rdamedia |
||
| 338 |
_avolume _2rdacarrier |
||
| 504 | _aIncluye bibliografía. | ||
| 505 | 0 | _aThe definiction of Science -- Scientific methodology -- The Limits of science -- Scientific realism -- Alternatives to scientific realism -- The scientific status of creacionism. | |
| 526 | _aSEG42 | ||
| 526 | _aSEG41 | ||
| 526 | _aSEG40 | ||
| 526 | _aSEG39 | ||
| 526 | _aP94 | ||
| 526 | _aP87 | ||
| 526 | _aP86 | ||
| 526 | _aP85 | ||
| 526 | _aP77 | ||
| 526 | _aP76 | ||
| 526 | _aP35 | ||
| 650 | 0 | 4 |
_aCiencia _xFilosofía. |
| 650 | 0 | 4 | _aReligión y ciencia. |
| 942 |
_2ddc _cBOOK |
||
| 949 |
_a215 M79 _wDEWEY _c1 _i45592 _lCCODEBUL1 _mBUL _r0 _sY _tBOOK _u2015-6-24 _xTEOLOGIA _PP35 _0COMPRA _o.STAFF. Colección General |
||
| 994 |
_aC0 _bPEPRU |
||
| 596 | _a1 | ||
| 999 |
_a215 M79 _wDEWEY _c22461 _i45592 _f2021-11-9 _g5 _lCCODEBUL1 _mBUL _p28.00 _r0 _sY _tBOOK _u2015-6-24 _xTEOLOGIA _PP35 _0COMPRA _o.STAFF. Colección Teología _d22461 |
||
| 980 |
_81 _gALBERTO SANCHEZ Responsable de Automatización |
||